| 000 | 00706nam a2200193 a 4500 | ||
|---|---|---|---|
| 001 | 4994 | ||
| 003 | CDMR | ||
| 005 | 20131023141126.0 | ||
| 008 | 130130s1988||||||||||||||||||||||||||||d | ||
| 020 | _a8477940185 | ||
| 040 |
_aCDMR _bcat _cCDMR |
||
| 245 | 3 |
_aLa TV local de servei públic _b: l'univers de les TV locals a Catalunya davant la perspectiva dels 90 |
|
| 260 |
_aBarcelona _c1988 _bDiputació de Barcelona. Servei de Cultura |
||
| 490 | 0 |
_aMaterials de política cultural _v2 |
|
| 500 | _aPonències del Seminari Obert sobre TV Local a Catalunya, 23 i 24 de maig de 1987 | ||
| 650 | 0 | 4 |
_93757 _aTelevisió local _zCatalunya |
| 650 | 0 | 4 |
_93730 _aPolítica de la televisió _zCatalunya |
| 942 |
_cMON _2udc |
||
| 999 |
_c4994 _d4994 |
||